Bulletin - Slovenský festival politickej piesne

Podrobná bibliografia
Médium: Seriál
Jazyk:slovenčina
Fyzický popis:zv. cm
Vydavateľské údaje: Bratislava SÚV SZM [1973-1985]
Predmet:

MARC

LEADER 00000cas a2200000 a 4500
001 vtls010185150
003 SK-MaSNL
005 20260228161149.0
008 101102d19731985xo ar| 0 0slo
040 |a SNK  |b slo  |c SNK  |e AACR2 
041 0 |a slo 
044 |a xo  |c SK 
072 7 |a 78  |x Hudba  |2 konspekt 
072 7 |a 784  |x Vokálna hudba  |2 konspekt 
080 |a 78.079  |2 2011 
080 |a 784.71  |2 2011 
080 |a (055)  |2 2011 
080 |a 050  |2 2011 
245 0 0 |a Bulletin - Slovenský festival politickej piesne 
246 3 3 |a Martin ... - Slovenský festival politickej piesne 
246 3 3 |a Slovenský festival politickej piesne - Martin ... 
260 |a Bratislava  |b SÚV SZM  |c [1973-1985]  |e Martin  |f Tlačiarne SNP 
300 |a zv.  |c cm 
310 |a 1x ročne 
362 0 |a [1973-1985] 
650 0 7 |a hudobné festivaly  |2 SNKPH  |9 2958 
650 0 7 |a politické piesne  |2 SNKPH  |9 63750 
655 7 |a bulletiny  |2 SNKPH  |9 70453 
910 |a snk 
999 |c 4527  |d 6457 
952 |0 0  |1 0  |4 0  |7 0  |a SNK  |b SNK  |d 2010-11-02  |i snkKSP 1701/85  |l 0  |o snkČSB 2920/13/1985  |p 17A0677087  |r 2026-02-21 19:55:42  |w 2026-02-21  |y PREZ